Szemle. Egy vita nekrológja. Lehet - nem lehet? Kisebbségi létértelmezések. 1937-1987-1995. Mentor Kiadó, Marosvásárhely, 1995
Elmentve itt :
| Szerző: | |
|---|---|
| Adatforrás: | Meister |
| Forrásdokumentuma: | Látó. - 2 sz., 1997, 86-87 p. |
| Nyelv: | magyar |
| Kulcsszavak: | politikai publicisztika-recenzió kisebbségi sors MAKKAI Sándor |
| LEADER | 00508nab a2200145 i 4500 | ||
|---|---|---|---|
| 001 | bibPRO00010249 | ||
| 008 | 060524s1997 xx hun | ||
| 040 | |a Sz1 | ||
| 041 | |a hun | ||
| 100 | 1 | |a DEMÉNY Péter | |
| 245 | 1 | 0 | |a Szemle. Egy vita nekrológja. Lehet - nem lehet? Kisebbségi létértelmezések. 1937-1987-1995. Mentor Kiadó, Marosvásárhely, 1995 |c DEMÉNY Péter |
| 695 | |a politikai publicisztika-recenzió | ||
| 695 | |a kisebbségi sors | ||
| 695 | |a MAKKAI Sándor | ||
| 773 | 0 | |t Látó. - |g 2 sz., 1997, 86-87 p. | |